000 00544nam a2200205Ia 4500
005 20260429112105.0
008 260429s9999||||xx |||||||||||||| ||und||
020 _a9781032480503
041 _aEnglish
082 _a155
_bBOR
100 _aBornstein, Marc H.
245 0 _aDevelopmental science :
_ban advanced textbook /
_cMarc H. Bornstein
250 _a8th ed.
260 _aNew York :
_bRoutledge,
_c2025.
300 _ax, 696 p.; pbk
650 _a Development
650 _aScience
700 _a Lamb, Michael E.
942 _cTB
999 _c52301
_d52301